000 00715nam a2200241Ia 4500
003 GCL
008 140319s9999 xx 000 0 ara d
040 _aGCL /
_cGCL
082 0 4 _a956.706
_bا ك
100 1 _aامين هويدى
245 1 0 _aكنت سفيرا فى العراق 1965-1963 /
_cامين هويدى
260 _a[S.N] :
_bدار المستقبل العربى ،
_c1983
300 _a321 ص
490 _a
650 0 4 _aالعصر الحديث
650 0 4 _aالعالم العربى
650 0 4 _aتاريخ
650 0 4 _aالاحوال السياسية
650 0 4 _aالعراق
650 0 4 _aالدبلوماسية
650 0 4 _aالسلك الدبلوماسى
942 _2ddc
_cBK
999 _c31038
_d31038